Q Scrabble Words - 4 or Less Letters - Statistics

General Stats
  • This quiz has been taken 16 times
  • The average score is 9 of 31
Answer Stats
Definition Word % Correct
A test of knowledge QUIZ
91%
One pound sterling QUID
82%
A witty remark QUIP
82%
A quadrangle; a quadruplet QUAD
73%
A wharf, dock– alternate spelling of quai QUAY
73%
Short for quintuplet QUIN
73%
Leave; stop or discontinue QUIT
64%
A marshy or boggy place QUAG
55%
Vital energy believed to circulate round the body in Chinese culture QI
45%
A wharf, dock– alternate spelling of quay QUAI
45%
Water; a liquid; a light greenish-blue color AQUA
36%
Vital energies believed to circulate round the body in Chinese culture QIS
27%
In the capacity of; by virtue of being QUA
27%
A white-flowered evergreen shrub in Africa and Arabia whose leaves have narcotic properties QAT
18%
White-flowered evergreen shrubs in Africa and Arabia whose leaves have narcotic properties QATS
18%
Leaves of a shrub chewed as a stimulant QUAT
18%
The five on a dice CINQ
9%
A chinese stringed instrument related to the zither QIN
9%
Chinese stringed instruments related to the zither QINS
9%
19th letter of the Hebrew alphabet QOPH
9%
A young cow or heifer QUEY
9%
Vulgar, misoginistic slang term QUIM
9%
Prison QUOD
9%
Outdoor market in a Muslim country SUQ
9%
Outdoor markets in a Muslim country SUQS
9%
An endowment made by a Muslim to a religious, educational, or charitable cause WAQF
9%
Islamic jurisprudence based on sharia FIQH
0%
A judge in an islamic country QADI
0%
Muslim civil judge or a local tribal leader or commander QAID
0%
Interjection to express surprise, similar to "what!" or "hey!" QUEP
0%
To throb, pulsate, or beat QUOP
0%
No matching quizzes found
Score Distribution
Percent of People with Each Score
Percentile by Number Answered
Your Score History
You have not taken this quiz